| 000 | 01067nam a2200325Ia 4500 | ||
|---|---|---|---|
| 001 | dia_219 | ||
| 003 | CHAP | ||
| 005 | 20221208121036.0 | ||
| 008 | 220117s1968 xx 000 0 und d | ||
| 010 | _a170648 | ||
| 040 | _cCHAP | ||
| 082 | _a338 D57 1968 | ||
| 245 |
_aEl desarrollo económico de México : ciencia y tecnología / _c Rafael Pérez Rubio...[et al.] |
||
| 260 |
_aMéxico : _b Centro Nacional de Productividad, _c1968 |
||
| 300 | _a[ix], 184 p. | ||
| 400 | _aCOLECCION CIENCIA Y TECNOLOGIA, 3 | ||
| 440 |
_aCiencia y tecnología ; 3 _9147595 |
||
| 500 | _aEn portada: Cinco ensayos | ||
| 503 | _aC/e | ||
| 650 |
_aAgricultura _xAspectos Económicos |
||
| 650 |
_aAgricultura _xHistoria _xMéxico _91521 |
||
| 650 | _aDesarrollo económico | ||
| 650 |
_aEducación _xProfesional _xMéxico _9147596 |
||
| 650 |
_aInvestigación _960221 |
||
| 700 |
_aPérez Rubio, Rafael, coaut. _9147597 |
||
| 901 | _a338 D57 1968 | ||
| 902 | _aM | ||
| 905 | _a0000001968 mx n 0000000000spa00 | ||
| 942 |
_cLIBRO _2ddc |
||
| 999 |
_c170648 _d170648 |
||